随机30个北京地铁站位于哪条线路 Where are the 30 random stations located? - Statistics

General Stats
  • This quiz has been taken 76 times
  • The average score is 24 of 30
Answer Stats
地铁站 线路 % Correct
高碑店 八通线
100%
传媒大学 八通线
100%
八里桥 八通线
100%
果园 八通线
100%
九棵树 八通线
100%
梨园 八通线
100%
土桥 八通线
100%
天宫院 大兴线
100%
生物医药基地 大兴线
100%
义和庄 大兴线
100%
黄村西大街 大兴线
100%
清源路 大兴线
100%
花乡东桥 房山线
100%
篱笆房 房山线
100%
广阳城 房山线
100%
良乡大学城 房山线
100%
十三陵景区 昌平线
100%
昌平 昌平线
100%
昌平东关 昌平线
100%
沙河高教园 昌平线
100%
朱房北 昌平线
100%
学院桥 昌平线
100%
肖村 亦庄线
100%
小红门 亦庄线
100%
旧宫 亦庄线
100%
亦庄桥 亦庄线
100%
亦庄文化园 亦庄线
100%
荣京东街 亦庄线
100%
次渠南 亦庄线
100%
亦庄火车站 亦庄线
100%
燕山 燕房线
100%
房山城关 燕房线
100%
紫草坞 燕房线
100%
国家植物园 西郊线
100%
2号航站楼 首都机场线
100%
大兴机场 大兴机场线
100%
古城 1号线
100%
八角游乐园 1号线
100%
八宝山 1号线
100%
五棵松 1号线
100%
天安门西 1号线
100%
天安门东 1号线
100%
永安里 1号线
100%
四惠 1号线|八通线
100%
巴沟 10号线|西郊线
100%
知春里 10号线
100%
西土城 10号线|昌平线
100%
安贞门 10号线
100%
亮马桥 10号线
100%
金台夕照 10号线
100%
劲松 10号线
100%
潘家园 10号线
100%
分钟寺 10号线
100%
大红门 10号线
100%
角门东 10号线
100%
纪家庙 10号线
100%
莲花桥 10号线
100%
车道沟 10号线
100%
火器营 10号线
100%
三元桥 10号线|12号线|首都机场线
100%
长春桥 10号线|12号线
100%
西局 10号线|14号线
100%
十里河 10号线|14号线|17号线
100%
丰台站 10号线|16号线
100%
太阳宫 10号线|17号线
100%
牡丹园 10号线|19号线
100%
草桥 10号线|19号线|大兴机场线
100%
团结湖 10号线|3号线
100%
模式口 11号线
100%
新首钢 11号线
100%
公主坟 1号线|10号线
100%
国贸 1号线|10号线
100%
大望路 1号线|14号线
100%
木樨地 1号线|16号线
100%
复兴门 1号线|2号线
100%
蓟门桥 昌平线|12号线
100%
蓝靛厂 12号线
100%
将台西 12号线
100%
上地 13号线
100%
清河站 13号线|昌平线
100%
西二旗 13号线|昌平线
100%
龙泽 13号线
100%
回龙观 13号线
100%
北苑 13号线
100%
大钟寺 13号线|12号线
100%
望京西 13号线|15号线
100%
西单 1号线|4号线
100%
张郭庄 14号线
100%
东管头 14号线
100%
西铁营 14号线
100%
陶然桥 14号线
100%
方庄 14号线
100%
北工大西门 14号线
100%
平乐园 14号线
100%
高家园 14号线
100%
望京南 14号线
100%
东湖渠 14号线
100%
来广营 14号线
100%
善各庄 14号线
100%
景风门 14号线|19号线
100%
朝阳公园 14号线|3号线
100%
东单 1号线|5号线
100%
顺义 15号线
100%
石门 15号线
100%
南法信 15号线
100%
国展 15号线
100%
孙河 15号线
100%
望京东 15号线
100%
北沙滩 15号线
100%
清华东路西口 15号线
100%
北安河 16号线
100%
马连洼 16号线
100%
农大南路 16号线
100%
万寿寺 16号线
100%
玉渊潭东门 16号线
100%
看丹 16号线
100%
洪泰庄 16号线
100%
未来科学城北 17号线
100%
未来科学城 17号线
100%
清河营 17号线
100%
十八里店 17号线
100%
次渠 17号线|亦庄线
100%
王府井 1号线|8号线
100%
军事博物馆 1号线|9号线
100%
新发地 19号线
100%
安定门 2号线
100%
北京站 2号线
100%
长椿街 2号线
100%
阜成门 2号线
100%
积水潭 2号线|19号线
100%
宣武门 2号线|4号线
100%
西直门 2号线|4号线|13号线
100%
雍和宫 2号线|5号线
100%
崇文门 2号线|5号线
100%
朝阳门 2号线|6号线
100%
车公庄 2号线|6号线
100%
前门 2号线|8号线
100%
朝阳站 3号线
100%
东坝南 3号线
100%
马家堡 4号线
100%
陶然亭 4号线
100%
西四 4号线
100%
新街口 4号线
100%
动物园 4号线
100%
魏公村 4号线
100%
中关村 4号线
100%
圆明园 4号线
100%
角门西 4号线|10号线
100%
海淀黄庄 4号线|10号线
100%
人民大学 4号线|12号线
100%
北京南站 4号线|14号线
100%
西苑 4号线|16号线
100%
菜市口 4号线|7号线
100%
国家图书馆 4号线|9号线|16号线
100%
灯市口 5号线
100%
北新桥 5号线|首都机场线
100%
和平里北街 5号线
100%
惠新西街北口 5号线
100%
北苑路北 5号线
100%
立水桥南 5号线
100%
天通苑南 5号线
100%
宋家庄 5号线|亦庄线|10号线
100%
蒲黄榆 5号线|14号线
100%
杨庄 6号线
100%
廖公庄 6号线
100%
海淀五路居 6号线
100%
花园桥 6号线
100%
北海北 6号线
100%
东大桥 6号线
100%
草房 6号线
100%
通运门 6号线
100%
北运河东 6号线
100%
郝家府 6号线
100%
东夏园 6号线
100%
潞城 6号线
100%
呼家楼 6号线|10号线
100%
金台路 6号线|14号线
100%
南锣鼓巷 6号线|8号线
100%
金安桥 6号线|S1线|11号线
100%
花庄 八通线|7号线
100%
环球度假区 八通线|7号线
100%
广安门内 7号线
100%
虎坊桥 7号线
100%
桥湾 7号线
100%
广渠门内 7号线
100%
广渠门外 7号线
100%
大郊亭 7号线
100%
百子湾 7号线
100%
化工 7号线
100%
垡头 7号线
100%
黄厂 7号线
100%
黑庄户 7号线
100%
群芳 7号线
100%
九龙山 7号线|14号线
100%
达官营 7号线|16号线
100%
珠市口 7号线|8号线
100%
北京西站 7号线|9号线
100%
朱辛庄 8号线|昌平线
100%
育知路 8号线
100%
回龙观东大街 8号线
100%
林萃桥 8号线
100%
森林公园南门 8号线
100%
奥体中心 8号线
100%
安德里北街 8号线
100%
什刹海 8号线
100%
中国美术馆 8号线
100%
金鱼胡同 8号线
100%
木樨园 8号线
100%
东高地 8号线
100%
火箭万源 8号线
100%
德茂 8号线
100%
瀛海 8号线
100%
北土城 8号线|10号线
100%
霍营 8号线|13号线
100%
奥林匹克公园 8号线|15号线
100%
郭公庄 9号线|房山线
100%
科怡路 9号线
100%
丰台东大街 9号线
100%
六里桥 9号线|10号线
100%
上岸 S1线
100%
荣昌东街 亦庄线|亦庄T1线
100%
亦创会展中心 亦庄T1线
100%
泰河路 亦庄T1线
100%
太和桥北 亦庄T1线
100%
瑞合庄 亦庄T1线
100%
屈庄 亦庄T1线
100%
老观里 亦庄T1线
100%
丽泽商务区 14号线|16号线
88%
万泉河桥 16号线
88%
平安里 4号线|6号线
88%
昌平西山口 昌平线
83%
东坝北 3号线|12号线
83%
大屯路东 5号线|15号线
83%
稻田 房山线
80%
四惠东 1号线|八通线
80%
园博园 14号线
80%
阜通 14号线
80%
俸伯 15号线
80%
富丰桥 16号线
80%
榆树庄 16号线
80%
天通苑东 17号线
80%
左家庄 17号线
80%
工人体育场 17号线|3号线
80%
姚家园 3号线
80%
灵境胡同 4号线
80%
惠新西街南口 5号线|10号线
80%
磁器口 5号线|7号线
80%
田村 6号线
80%
常营 6号线
80%
南楼梓庄 7号线
80%
万盛西 7号线
80%
大红门南 8号线
80%
白盆窑 房山线
75%
学知园 昌平线
75%
同济南路 亦庄线
75%
大兴新城 大兴机场线
75%
南礼士路 1号线
75%
柳芳 13号线
75%
马泉营 15号线
75%
崔各庄 15号线
75%
西北旺 16号线
75%
红军营 17号线
75%
次渠北 17号线
75%
北太平庄 19号线|12号线
75%
和平门 2号线
75%
公益西桥 4号线
75%
北宫门 4号线
75%
新宫 大兴线|4号线|19号线
75%
天坛东门 5号线
75%
立水桥 5号线|13号线
75%
十里堡 6号线
75%
褡裢坡 6号线
75%
黄渠 6号线
75%
慈寿寺 6号线|10号线
75%
焦化厂 7号线
75%
万盛东 7号线
75%
六里桥东 9号线
75%
白堆子 9号线
75%
关庄 15号线
71%
东直门 2号线|13号线|首都机场线
71%
枣园 大兴线
67%
良乡大学城北 房山线
67%
良乡南关 房山线
67%
阎村东 房山线|燕房线
67%
沙河 昌平线
67%
阎村 燕房线
67%
茶棚 西郊线
67%
3号航站楼 首都机场线
67%
西钓鱼台 10号线
67%
芍药居 10号线|13号线
67%
建国门 1号线|2号线
67%
安贞桥 12号线
67%
五道口 13号线
67%
光熙门 13号线|12号线
67%
将台 14号线
67%
花梨坎 15号线
67%
安立路 15号线
67%
永丰 16号线
67%
苏州桥 16号线
67%
宛平城 16号线
67%
北神树 17号线
67%
东坝 3号线
67%
和平西桥 5号线|12号线
67%
车公庄西 6号线
67%
物资学院路 6号线
67%
永泰庄 8号线
67%
海户屯 8号线
67%
永定门外 8号线|14号线
67%
七里庄 9号线|14号线
67%
栗园庄 S1线
67%
小园 S1线
67%
南邵 昌平线
60%
嘉会湖 17号线
60%
双合 7号线
60%
五福堂 8号线
60%
丰台科技园 9号线
60%
清河小营桥 昌平线
57%
通州北苑 八通线
50%
临河里 八通线
50%
黄村火车站 大兴线
50%
高米店北 大兴线
50%
西红门 大兴线
50%
大葆台 房山线
50%
长阳 房山线
50%
良乡大学城西 房山线
50%
苏庄 房山线
50%
生命科学园 昌平线
50%
经海路 亦庄线
50%
饶乐府 燕房线
50%
颐和园西门 西郊线
50%
香山 西郊线
50%
万寿路 1号线
50%
健德门 10号线
50%
农业展览馆 10号线
50%
成寿寺 10号线
50%
石榴庄 10号线
50%
泥洼 10号线
50%
知春路 10号线|13号线
50%
苏州街 10号线|16号线
50%
马甸桥 12号线
50%
大瓦窑 14号线
50%
郭庄子 14号线
50%
枣营 14号线
50%
东风北桥 14号线
50%
屯佃 16号线
50%
永丰南 16号线
50%
东管头南 16号线|房山线
50%
苹果园 1号线|6号线|S1线
50%
周家庄 17号线
50%
牛街 19号线
50%
太平桥 19号线
50%
东四十条 2号线|3号线
50%
鼓楼大街 2号线|8号线
50%
石佛营 3号线
50%
北京大学东门 4号线
50%
刘家窑 5号线
50%
张自忠路 5号线
50%
白石桥南 6号线|9号线
50%
欢乐谷景区 7号线
50%
高楼金 7号线
50%
育新 8号线
50%
四道桥 S1线
50%
石厂 S1线
50%
融兴街 亦庄T1线
50%
高米店南 大兴线
40%
北邵洼 昌平线
33%
四季青桥 12号线
33%
景泰 14号线
33%
望京 14号线|15号线
33%
稻香湖路 16号线
33%
西小口 8号线
33%
安华桥 8号线|12号线
33%
经海一路 亦庄T1线
33%
九号村 亦庄T1线
33%
星城 燕房线
25%
定海园 亦庄T1线
25%
鹿圈东 亦庄T1线
20%
双桥 八通线
0%
管庄 八通线
0%
巩华城 昌平线
0%
万源街 亦庄线
0%
马各庄 燕房线
0%
大石河东 燕房线
0%
万安 西郊线
0%
玉泉路 1号线
0%
首经贸 10号线|房山线
0%
北辛安 11号线
0%
驼房营 12号线
0%
东坝西 12号线
0%
大井 14号线
0%
菜户营 14号线
0%
后沙峪 15号线
0%
六道口 15号线|昌平线
0%
温阳路 16号线
0%
甘家口 16号线
0%
红莲南路 16号线
0%
西坝河 17号线|12号线
0%
安河桥北 4号线
0%
天通苑 5号线
0%
天通苑北 5号线
0%
东四 5号线|6号线
0%
西黄村 6号线
0%
青年路 6号线
0%
通州北关 6号线
0%
北运河西 6号线
0%
二里沟 6号线|16号线
0%
湾子 7号线
0%
郎辛庄 7号线
0%
双井 7号线|10号线
0%
平西府 8号线
0%
天桥 8号线
0%
和义 8号线
0%
丰台南路 9号线|16号线
0%
桥户营 S1线
0%
定海园西 亦庄T1线
0%
亦庄同仁 亦庄T1线
0%
四海庄 亦庄T1线
0%
No matching quizzes found
Score Distribution
Percent of People with Each Score
Percentile by Number Answered
Your Score History
You have not taken this quiz